La tensión esencial (Record no. 87644)

MARC details
000 -LEADER
campo de control de longitud fija 00557nam a2200157 i 4500
001 - NÚMERO DE CONTROL
campo de control 87644
003 - IDENTIFICADOR DE NÚMERO DE CONTROL
campo de control ES-MaACL
007 - CAMPO FIJO DE DESCRIPCIÓN FÍSICA--INFORMACIÓN GENERAL
campo de control de longitud fija t|
008 - DATOS DE LONGITUD FIJA--INFORMACIÓN GENERAL
campo de control de longitud fija 041222s1983 sp ||||1| spa d
100 1# - ENTRADA PRINCIPAL--NOMBRE DE PERSONA
Nombre de persona Kuhn, Thomas S.
9 (RLIN) 68988
245 13 - MENCIÓN DEL TÍTULO
Título La tensión esencial
Resto del título : estudios selectos sobre la tradición y el cambio en el ámbito de la ciencia /
Mención de responsabilidad, etc. Thomas S. Kuhn ; [traducción de Roberto Helier].
260 ## - PUBLICACIÓN, DISTRIBUCIÓN, ETC.
Lugar de publicación, distribución, etc. Madrid :
Nombre del editor, distribuidor, etc. Fondo de Cultura Económica,
Fecha de publicación, distribución, etc. [1983]
300 ## - DESCRIPCIÓN FÍSICA
Extensión 380 p. ;
Dimensiones 21 cm.
700 1# - ENTRADA AGREGADA--NOMBRE PERSONAL
Nombre de persona Helier, Roberto.
9 (RLIN) 62429
852 ## - LOCALIZACIÓN
Ubicación ES-MaACL
Número de control de estantería L-6391
Sublocalización o colección R.107097
Holdings
Estatus retirado Estado de pérdida Estado de daño No para préstamo Biblioteca de origen Biblioteca actual Ubicación en estantería Fecha de adquisición Fuente de adquisición Total de préstamos Signatura topográfica completa Código de barras Visto por última vez Precio de reemplazo Tipo de ítem Koha
        Biblioteca del Ateneo de Madrid Biblioteca del Ateneo de Madrid Depósito 2 17/01/2008     L-6391 1091562 23/02/2023 23/02/2023 Libro impreso